• 首页
  • 本馆介绍
  • 公告通知
  • 最新文献
  • 馆藏检索
  • 电子资源
  • 读者导购
  • 参考咨询
  • 我的图书馆
  • 登录
  • 详细信息显示
  • 放入我的书架
  • 预约/预借图书
  • 作者相关作品
  • 分类相关作品
  • 丛书相关作品
  • 出版社相关作品

书目信息

  • 表格格式
  • 工作单格式
  • 卡片格式
题名:
汽车底盘构造与维修
    
 
作者: 罗智强 , 谢云峰 主编
分册:  
出版信息: 北京   机械工业出版社  2013.06
页数: 168页
开本: 26cm
丛书名:
单 册:
中图分类: U463.1 , U472.41
科图分类:
主题词: 汽车--底盘--结构--中等专业教育--教材 , 汽车--底盘--维修--中等专业教育--教材 , 汽车 , 底盘
电子资源:
ISBN: 978-7-111-42738-4
000 01092nam0 2200301 450
001 5200
005 20181014151119.61
010    @a978-7-111-42738-4@dCNY29.00
090    @aU463.1@blzq
100    @a20140429d2013 em y0chiy50 ea
101 0  @achi
102    @aCN@b110000
105    @aa z 000yy
200 1  @a汽车底盘构造与维修@9qi che di pan gou zao yu wei xiu@f罗智强,谢云峰主编
210    @a北京@c机械工业出版社@d2013.06
215    @a168页@c图@d26cm
300    @a中等职业教育汽车类专业“十二五”规划教材 中等职业教育改革创新教材
330    @a本书对底盘系统的基本构造、工作原理以及相关检修内容进行了详细介绍,主要内容包括汽车底盘概述、传动系统的构造与维修、制动系统的构造与检修、行驶系统的构造与维修、转向系统的构造与维修。
606 0  @a汽车@x底盘@x结构@x中等专业教育@j教材
606 0  @a汽车@x底盘@x维修@x中等专业教育@j教材
606 0  @a汽车
606 0  @a底盘
690    @aU463.1@v5
690    @aU472.41@v5
701  0 @a罗智强@9luo zhi qiang@c(职业教育)@4主编
701  0 @a谢云峰@9xie yun feng@4主编
801  0 @aCN@bNLC@c20140429
905    @aMuseLib@dU463.1@e788
    
    汽车底盘构造与维修/罗智强,谢云峰主编.-北京:机械工业出版社,2013.06
    168页:图;26cm
    中等职业教育汽车类专业“十二五”规划教材 中等职业教育改革创新教材
    
    ISBN 978-7-111-42738-4:CNY29.00
    本书对底盘系统的基本构造、工作原理以及相关检修内容进行了详细介绍,主要内容包括汽车底盘概述、传动系统的构造与维修、制动系统的构造与检修、行驶系统的构造与维修、转向系统的构造与维修。
●
相关链接 在E读中查询图书 在五车中查询图书 在当当中查询图书 在豆瓣中查询图书


正题名:汽车底盘构造与维修     索取号:U463.1/788         预约/预借

序号 登录号 条形码 馆藏地/架位号 状态 备注
1 1128579   211285795   第二样本阅览室/ [索取号:U463.1/788] 在馆    
2 1128580   211285802   第三借阅区/ [索取号:U463.1/788] 在馆    
3 1128581   211285811   第三借阅区/ [索取号:U463.1/788] 在馆    
4 1128582   211285820   第三借阅区/ [索取号:U463.1/788] 在馆    
5 1128583   211285839   密集书库-物理学院/ [索取号:U463.1/788] 在馆    
唐山师范学院图书馆 欢迎您!
大连网信软件有限公司© 版权所有